000 00846nam a2200253Ia 4500
003 OSt
005 20220923214008.0
006 a|||||r|||| 00| 0
007 ta
008 220922b |||||||| |||| 00| 0 hin d
024 _a166,267
037 _cTextual
040 _aARTS
_cARTS
_bhin
041 _2hin
_ahin
082 _aO152,1J32:g, H6
100 _aद्विवेदी, रामचन्द्र
_9156299
245 0 _aतुलसी साहित्य रत्नाकर
246 _aTulasī sāhitya ratnākara
260 _aपटना
_b सत साहित्य
_c1945
300 _a611पृ.
_ccm.
650 _aहिन्दी साहित्य
_9156264
942 _hO152,1J32:g, H6
_cTEXL
_2CC
999 _c320746
_d320746